Selected Documents of Aurangzeb`s Reign 1659-1706 A.D (Record no. 5630)

MARC details
000 -LEADER
fixed length control field 00592nam a2200229 a 4500
020 ## - INTERNATIONAL STANDARD BOOK NUMBER
ISBN
082 00 - DEWEY DECIMAL CLASSIFICATION NUMBER
Classification number 954.0258
Author Cutter CRO
100 ## - MAIN ENTRY--AUTHOR NAME
Author name Central Records Office,
245 ## - TITLE STATEMENT
Title Selected Documents of Aurangzeb`s Reign 1659-1706 A.D
260 ## - PUBLICATION, DISTRIBUTION, ETC. (IMPRINT)
Place of publication Hyderabad
Name of publisher Central Record Office
Year of publication 1958
300 ## - PHYSICAL DESCRIPTION
Number of Pages 243p
500 ## - GENERAL NOTE
General note includes index and biblioraphy
505 2# - FORMATTED CONTENTS NOTE
Formatted contents note Index
650 ## - SUBJECT ADDED ENTRY--TOPICAL TERM
Topical Term Mughal India-Aurangzeb
942 ## - ADDED ENTRY ELEMENTS (KOHA)
Koha item type Books
Holdings
Collection code Home library Current library Date acquired Cost, normal purchase price Full call number Accession Number Koha item type
  Henry Martyn Institute Library Henry Martyn Institute Library 04/04/2007 100.00 954.0258 CRO 08022 Books
                   Copyright © 2026 | Henry Martyn Institute | Hyderabad | TS-500052 | INDIA | Implemented by hmi.edu.in
Hit-Count:

Powered by Koha